000 01951nam0a2200361 4500
001 RU\NLR\BIBL_A\022583306
005 20260420050645.0
010 _a978-5-9968-0985-1
_910000
021 _aRU
_bКН-П-25-030306
_9КН-П-25-2992
035 _a(NLR Aleph) 022583306
090 _a13677574
_c13677574
100 _a20250710d2025 u y0rusy50 ca
101 0 _arus
102 _aRU
105 _aa w 000yy
181 0 _ai3
_baxxe
182 0 _an
200 1 _aТолковая Псалтирь
_fпроф. Александр Лопухин
203 _aТекст
_bвизуальный
_cнепосредственный
210 _aМосква
_cБлаговест
_d2025
215 _a446 с.
_cил.
_d22
320 _aБиблиогр. в подстроч. примеч.
327 1 _aВ кн. также: Толковая Псалтирь (из "Толковой Библии А. П. Лопухина и преемников") / В. М. Гавриловский
464 0 _12001#$aТолковая Псалтирь (из "Толковой Библии А. П. Лопухина и преемников")$fВ. М. Гавриловский
_1700#1$aГавриловский$bВ. М.$f1865-$gВасилий Михайлович
_tТолковая Псалтирь (из "Толковой Библии А. П. Лопухина и преемников")
_aГавриловский, Василий Михайлович (1865-)
500 1 0 _aБиблия
_iВ.З
_iПсалтирь
_92631012
_3RU\NLR\AUTH\553037
605 _aБиблия
_iВетхий Завет
_iПсалтырь
_xТолкование
_92191472
_3RU\NLR\AUTH\661317340
686 1 _aЭ37-210.913
700 1 _7ca
_8rus
_aЛопухин
_bА. П.
_f1852-1904
_gАлександр Павлович
_945945
_3RU\NLR\AUTH\7763015
701 1 _aГавриловский
_bВ. М.
942 _cBOOK
980 _aNB